عقد المقاومة والتوريد في الفقه الإسلامي : (رقم التسجيلة. 82052)

تفاصيل مارك
000 -الفاتح
عناصر البيانات ثابتة الطول 00732cam a2200193 i 4500
005 - تاريخ ووقت آخر معاملة
حقل ضبط 20251217100415.0
008 - عناصر البيانات ثابتة الطول
عناصر البيانات ثابتة الطول 250721s2003 ts gr 000 0 ara d
082 14 - رقم تصنيف ديوي العشري
رقم التصنيف 216.94
رقم المادة ب ص ل
100 1# - مدخل رئيسي – اسم شخصي
الاسم الشخصي أبو البصل، علي
علاقة الشخص بالعمل/ دوره معد.
245 10 - بيان العنوان
العنوان عقد المقاومة والتوريد في الفقه الإسلامي :
بقية العنوان دراسة فقهية مقارنة /
بيان المسؤولية إعدعد المحامي الدكتور علي أبو البصال.
250 ## - بيان الطبعة
بيان الطبعة الطبعة الأولى.
264 31 - بيانات النشر، التوزيع…إلخ
مكان النشر، التوزيع...إلخ دبي :
اسم الناشر، الموزع...إلخ دار القلم للنشر،
تاريخ النشر، التوزيع...إلخ 2003.
300 ## - الوصف المادي
عدد الوحدات المكونة للوعاء 310 صفحة.
650 17 - مدخل إضافي بالموضوع - مصطلح موضوعي
مصطلح موضوعي أو اسم جغرافي كعنصر مدخل العقود.
650 17 - مدخل إضافي بالموضوع - مصطلح موضوعي
مصطلح موضوعي أو اسم جغرافي كعنصر مدخل التعاقد.
650 17 - مدخل إضافي بالموضوع - مصطلح موضوعي
مصطلح موضوعي أو اسم جغرافي كعنصر مدخل القانون المدني.
942 ## - بيانات إضافية (كوها)
نوع التنصيف Dewey Decimal Classification
نوع المادة (كوها) كتب
المقتنيات
حالة السحب حالة الفقدان مصدر التصنيف حالة التلف غير قابل للإعارة المكتبة الرئيسية المكتبة الحالية موقع الرف تاريخ التزويد الرقم المتسلسل Total Checkouts رقم الإستدعاء الباركود تاريخ آخر ظهور تاريخ الفاتورة نوع المادة (كوها)
    Dewey Decimal Classification     المكتبة المركزية المكتبة المركزية الإعارة 28/07/2025 1454274   216.94 / ب ص ل PLD00175144 28/07/2025 28/07/2025 كتب
Implemented & Customized by: BBB with SCIT (Smart Chains for Information Technology)

Powered by Koha